header

Critical theory and practice (Record no. 1227)

MARC details
000 -LEADER
fixed length control field 01251nam a2200337 a 4500
082 04 - DEWEY DECIMAL CLASSIFICATION NUMBER
Classification number 801/.95
100 1# - MAIN ENTRY--AUTHOR NAME
Personal name Green, Keith,
245 10 - TITLE STATEMENT
Title Critical theory and practice
260 ## - PUBLICATION, DISTRIBUTION, ETC. (IMPRINT)
Place of publication London ;
-- New York :
Name of publisher Routledge,
Year of publication 1996.
300 ## - PHYSICAL DESCRIPTION
Number of Pages xxiv, 336 p.
650 #0 - SUBJECT ADDED ENTRY--TOPICAL TERM
Topical Term Criticism.
Topical Term Critical theory.
Topical Term Language and languages.
700 1# - ADDED ENTRY--PERSONAL NAME
Personal name LeBihan, Jill,
856 40 - ELECTRONIC LOCATION AND ACCESS
Uniform Resource Identifier http://site.ebrary.com/lib/rucke/Doc?id=5001568

No items available.

© 2026 Rongo University
Contact us: librarian | system librarian | Rongo university